000
00305nam a22001337a 4500
008
170823b xxu||||| |||| 00| 0 eng d
020
_a
2900073519455
041
_a
eng
080
_a
51
100
_a
38
101
_a
MAT
245
_a
MATHEMATICS FOR ELEMENTARY TEACHERS
_c
BENNETT,A.B
942
_2
udc
_c
BK
999
_c
24634
_d
24634